Oportunidades y Desafíos de los Sistemas de Capitalización Individual en un Mundo Globalizado / (Registro nro. 15501)

Detalles MARC
000 -LEADER
fixed length control field 01814nam a22003137a 4500
003 - CONTROL NUMBER IDENTIFIER
control field OSt
005 - DATE AND TIME OF LATEST TRANSACTION
control field 20210325144935.0
008 - FIXED-LENGTH DATA ELEMENTS--GENERAL INFORMATION
fixed length control field 210325s2012 cl ad||gr|||| 00| 0 spa d
020 ## - INTERNATIONAL STANDARD BOOK NUMBER
International Standard Book Number 9789568853082
040 ## - CATALOGING SOURCE
Original cataloging agency CO-JMCR
Transcribing agency CO-JMCR
041 0# - LANGUAGE CODE
Language code of text/sound track or separate title spa
082 04 - DEWEY DECIMAL CLASSIFICATION NUMBER
Classification number 321.252 /
Item number S471o
Edition number 21
111 2# - MAIN ENTRY--MEETING NAME
Meeting name or jurisdiction name as entry element Seminario Internacional "Oportunidades y Desafíos de los Sistemas de Capitalización Individual en un Mundo Globalizado"
Date of meeting or treaty signing (2012 :
Location of meeting México)
9 (RLIN) 36561
245 10 - TITLE STATEMENT
Title Oportunidades y Desafíos de los Sistemas de Capitalización Individual en un Mundo Globalizado /
Statement of responsibility, etc. Seminario
250 ## - EDITION STATEMENT
Edition statement Primera edición
260 ## - PUBLICATION, DISTRIBUTION, ETC.
Place of publication, distribution, etc. Santiago de Chile :
Name of publisher, distributor, etc. Federación Internacional de Administradoras de Fondos de Pensiones [FIAP],
Date of publication, distribution, etc. 2012
300 ## - PHYSICAL DESCRIPTION
Extent 327 páginas :
Other physical details ilustraciones y gráficas a blanco y negro ;
Dimensions 23 cm.
505 0# - FORMATTED CONTENTS NOTE
Formatted contents note Los sistemas de pensiones de capitalización individual y los gobiernos corporativos -- Avanzado hacia la provisión de mejores montos de pensión -- Desarrollo de los sistemas de pensiones frente a un consumidor más exigente
650 14 - SUBJECT ADDED ENTRY--TOPICAL TERM
Topical term or geographic name entry element Fondos de pensiones$x Administración$v Congresos, conferencias, etc.
9 (RLIN) 36562
650 24 - SUBJECT ADDED ENTRY--TOPICAL TERM
Topical term or geographic name entry element Ahorro e inversión$v Congresos, conferencias, etc.
9 (RLIN) 36563
650 24 - SUBJECT ADDED ENTRY--TOPICAL TERM
Topical term or geographic name entry element aFondos de pensiones$x Estudios comparados$v Congresos, conferencias, etc.
9 (RLIN) 36564
650 24 - SUBJECT ADDED ENTRY--TOPICAL TERM
Topical term or geographic name entry element Pensiones$z Perú$v Congresos, conferencias, etc.
9 (RLIN) 36565
650 24 - SUBJECT ADDED ENTRY--TOPICAL TERM
Topical term or geographic name entry element Pensiones$z México$v Congresos, conferencias, etc.
9 (RLIN) 36566
650 24 - SUBJECT ADDED ENTRY--TOPICAL TERM
Topical term or geographic name entry element Fondos privados de pensiones$v Congresos, conferencias, etc.
9 (RLIN) 36567
650 24 - SUBJECT ADDED ENTRY--TOPICAL TERM
Topical term or geographic name entry element Ahorro e inversión$z Estados Unidos$v Congresos, conferencias, etc.
9 (RLIN) 36568
650 24 - SUBJECT ADDED ENTRY--TOPICAL TERM
Topical term or geographic name entry element $aPensiones$z Polonia$v Congresos, conferencias, etc.
9 (RLIN) 36569
650 24 - SUBJECT ADDED ENTRY--TOPICAL TERM
Topical term or geographic name entry element Pensiones$z Chile$v Congresos, conferencias, etc.
9 (RLIN) 36570
942 ## - ADDED ENTRY ELEMENTS (KOHA)
Source of classification or shelving scheme Dewey Decimal Classification
Koha item type Books
Existencias
Withdrawn status Lost status Source of classification or shelving scheme Damaged status Not for loan Collection code Home library Current library Date acquired Source of acquisition Total Checkouts Full call number Barcode Date last seen Copy number Price effective from Koha item type
    Dewey Decimal Classification     Non-fiction Biblioteca Pública José María del Castillo y Rada Biblioteca Pública José María del Castillo y Rada 10/02/2020 Donación   321.252 / S471o 201809925 05/16/2024 Ej.1 03/25/2021 Books